Lược dịch và chú giải sắc lệnh điền thổ : 21 tháng 7 năm 1925

Sách gồm 3 phẩn trình bày cấu tạo điền thổ sở hữu, thủ đắc và di chuyển quyền lợi các loại liên hệ đến sản nghiệp bất động sản, bảo thủ sở hữu và những quyền thiết lập trên bất động sản....

全面介紹

Đã lưu trong:
書目詳細資料
主要作者: Nguyễn, Văn Xương
格式: 圖書
語言:Undetermined
出版: Sài Gòn Tác giả xuất bản 1966
主題:
標簽: 添加標簽
沒有標簽, 成為第一個標記此記錄!
Thư viện lưu trữ: Trung tâm Học liệu Trường Đại học Cần Thơ
LEADER 00984nam a2200217Ia 4500
001 CTU_205027
008 210402s9999 xx 000 0 und d
082 |a 346.597043 
082 |b X561 
100 |a Nguyễn, Văn Xương 
245 0 |a Lược dịch và chú giải sắc lệnh điền thổ : 
245 0 |b 21 tháng 7 năm 1925 
245 0 |c Nguyễn Văn Xương 
260 |a Sài Gòn 
260 |b Tác giả xuất bản 
260 |c 1966 
520 |a Sách gồm 3 phẩn trình bày cấu tạo điền thổ sở hữu, thủ đắc và di chuyển quyền lợi các loại liên hệ đến sản nghiệp bất động sản, bảo thủ sở hữu và những quyền thiết lập trên bất động sản. 
650 |a Land law,Luật đất đai 
650 |z Vietnam,Việt Nam 
904 |i Hải 
980 |a Trung tâm Học liệu Trường Đại học Cần Thơ